Estadísticas para 15 principales países afectados por Covid19 - 25 abril 2021

Haz click aquí para intentar la prueba.

Estadísticas generales

  • Esta prueba ha sido intentada 5 veces
  • La puntuación promedio es 19 de 28

Estadísticas de respuestas

país% Correcto
Alemania
100%
España
100%
Francia
100%
India
100%
Italia
100%
México
100%
Argentina
80%
Brasil
80%
Colombia
80%
Estados Unidos
80%
Irán
80%
Reino Unido
80%
Rusia
80%
Chequia
60%
Croacia
60%
Hungría
60%
Israel
60%
Países Bajos
60%
Panamá
60%
Suecia
60%
Turquía
60%
Bélgica
40%
Eslovenia
40%
Estonia
40%
Lituania
40%
Polonia
40%
Portugal
40%
Baréin
20%

Distribución de puntuación

Porcentaje por número respondido

Porcentaje de gente con cada puntuación

Historial de tus puntuaciones

No has intentado esta prueba.